Cartas do Clash Royale - Statistics

Estatísticas Gerais
  • Esse quiz foi jogado 438 vezes
  • A pontuação média é 65 de 115
Estatísticas das Respostas
Elixir Carta % Correto
1 Esqueletos
94%
1 Espírito de fogo
88%
1 Espírito de gelo
88%
2 Goblins
87%
5 Gigante
86%
5 Mago
86%
7 Pekka
86%
3 Cavaleiro
84%
8 Golem
83%
3 Mago de gelo
82%
4 Mini pekka
82%
4 Mago elétrico
81%
7 Megacavaleiro
80%
2 Zap
80%
5 Bruxa
79%
4 Bola de fogo
78%
4 Mosqueteira
76%
9 Três mosqueteiras
75%
5 Bárbaros
74%
1 Espírito elétrico
74%
3 Arqueiras
73%
4 Bebê dragão
73%
3 Canhão
73%
4 Corredor
73%
2 Goblins lanceiros
73%
5 Príncipe
73%
3 Barril de goblins
72%
4 Tesla
71%
3 Flechas
70%
6 Gigante real
70%
3 Princesa
70%
3 Exército de esqueletos
69%
3 Golem de elixir
69%
4 Valquíria
69%
5 Cabana de goblins
68%
4 Dragão infernal
68%
2 Fúria
68%
5 Balão
67%
4 Bruxa sombria
67%
6 Foguete
66%
3 Mineiro
66%
6 Cabana de bárbaros
64%
? Espelho
64%
5 Torre inferno
64%
3 Bandida
63%
2 Golem de gelo
63%
4 Príncipe das trevas
63%
7 Gigante elétrico
62%
4 Bruxa mãe
61%
4 Lenhador
61%
6 Relâmpago
61%
3 Servos
61%
7 Lava hound
59%
5 Rainha arqueira
59%
5 Cemitério
58%
3 Gangue de goblins
58%
2 Bola de neve
57%
1 Espírito curador
57%
4 Gelo
57%
4 Veneno
57%
6 Bárbaros de elite
54%
2 Barril de bárbaro
54%
5 Dragão elétrico
54%
6 Esqueleto gigante
54%
4 Rei Esqueleto
54%
2 Bombardeiro
53%
6 Goblin gigante
53%
6 Coletor de elixir
52%
6 Sparky
52%
6 X-besta
52%
4 Cavaleiro dourado
51%
3 Lápide
51%
4 Morteiro
51%
2 O tronco
51%
3 Goblin com dardo
50%
5 Horda de servos
50%
3 Pirotécnica
50%
3 Clone
49%
4 Fornalha
48%
2 Morcegos
48%
5 Porcos reais
47%
3 Terremoto
46%
3 Guardas
44%
4 Torre de bombas
44%
3 Pequeno Príncipe
43%
3 Tornado
43%
5 Monge
42%
4 Arqueiro mágico
41%
5 Lançador
39%
4 Mineiro bombado
39%
7 Recrutas reais
38%
5 Executor
37%
3 Megasservo
37%
3 Barril de esqueletos
36%
4 Caçador
36%
5 Domadora de carneiro
36%
3 Fantasma real
36%
4 Dragões esqueleto
34%
3 Encomenda real
34%
4 Jaula de goblin
33%
4 Aríete de batalha
32%
3 Pescador
32%
3 Vácuo
31%
5 Patifes
30%
5 Carrinho de canhão
29%
2 Maldição goblin
29%
2 Destruidores de muros
28%
4 Máquina voadora
28%
4 Curadora guerreira
24%
4 Eletrocutadores
24%
4 Fênix
24%
5 Máquina goblin
20%
4 Escavadeira de goblins
19%
2 Arbusto Traiçoeiro
15%
4 Goblin demolidor
13%
Nenhum quiz correspondente encontrado
Distribuição das Pontuações
Porcentagem de Pessoas com Cada Pontuação
Percentil de Números Respondidos
Sua Pontuação Histórica
Você não jogou esse quiz